000 00283nam a22001337a 4500
008 170605b xxu||||| |||| 00| 0 eng d
020 _a9781572301764
041 _aeng
080 _a94
100 _a18
101 _aSHH
245 _aPOSTMODER WAR
_cGRAY.CH.H
942 _2udc
_cBK
999 _c15870
_d15870